[Event "Kaupthing op-B 1st"]
[Site "Differdange"]
[Date "2007.07.08"]
[Round "3"]
[White "Kessler, Lucien"]
[Black "Schaul, Georges"]
[Result "1-0"]
[WhiteElo "1495"]
[BlackElo "1200"]
[PlyCount "25"]
[EventDate "2007.07.08"]
[EventType "swiss"]
[EventRounds "9"]
[EventCountry "LUX"]
[SourceTitle "EXT 2008"]
[Source "ChessBase"]
[SourceDate "2007.11.25"]
[SourceVersion "1"]
[SourceVersionDate "2007.11.25"]
[SourceQuality "1"]

1. e4 e5 2. Nf3 Nc6 3. Bc4 b6 4. 0-0 Nf6 5. Ng5 h6 6. Nxf7 Qe7 7. Nxh8 Bb7 8. Ng6 Qd6 9. d4 0-0-0 10. Nc3 h5 11. d5 Nb8 12. Nb5 a6 13. Na7# 1-0

[Event "Kaupthing op-B 1st"]
[Site "Differdange"]
[Date "2007.07.08"]
[Round "1"]
[White "Oliva, Jan"]
[Black "Schaul, Georges"]
[Result "1-0"]
[WhiteElo "1840"]
[BlackElo "1200"]
[PlyCount "53"]
[EventDate "2007.07.08"]
[EventType "swiss"]
[EventRounds "9"]
[EventCountry "LUX"]
[SourceTitle "EXT 2008"]
[Source "ChessBase"]
[SourceDate "2007.11.25"]
[SourceVersion "1"]
[SourceVersionDate "2007.11.25"]
[SourceQuality "1"]

1. c4 d6 2. Nf3 Nc6 3. g3 Nf6 4. Bg2 Bd7 5. Nc3 g6 6. 0-0 Bg7 7. d4 0-0 8. d5 e6 9. dxc6 bxc6 10. e4 Rb8 11. Qd2 h5 12. Re1 d5 13. exd5 cxd5 14. cxd5 exd5 15. Nxd5 Re8 16. Ne5 Rxe5 17. Rxe5 Ne8 18. Re7 Nf6 19. Nxf6+ Bxf6 20. Rxd7 Qe8 21. Qd5 c6 22. Qxc6 Bd4 23. Rxd4 a5 24. Qf6 g5 25. Bxg5 h4 26. Bh6 hxg3 27. Qg7# 1-0